2000 Movies by Screenshot - Statistics

General Stats
  • This quiz has been taken 1,113 times
  • The average score is 9 of 16
Answer Stats
Picture Answer % Correct
How the Grinch Stole Christmas
95%
Gladiator
92%
X-Men
83%
American Psycho
78%
Cast Away
78%
Chicken Run
65%
Mission: Impossible 2
61%
The Emperor's New Groove
61%
Meet the Parents
50%
Memento
49%
Dinosaur
47%
Crouching Tiger, Hidden Dragon
31%
Unbreakable
28%
Almost Famous
27%
Requiem for a Dream
24%
Remember the Titans
22%
No matching quizzes found
Score Distribution
Percent of People with Each Score
Percentile by Number Answered
Your Score History
You have not taken this quiz